Výrobná logistika - postavenie a možnosti zdokonaľovania v rozvoji podniku diplomová práca

Enregistré dans:
Détails bibliographiques
Auteur principal: Mačugová, Mária
Collectivité auteur: Fakulta podnikového manažmentu EU. Katedra manažmentu výroby a logistiky - zrušená
Autres auteurs: Dupaľ, Andrej
Format: Livre
Langue:slovaque
Publié: Bratislava 2013
Tags: Ajouter un tag
Pas de tags, Soyez le premier à ajouter un tag!

MARC

LEADER 00000nbm a2200000 4500
001 0170759
005 20161109102408.7
041 0 |a slo 
044 |a SK 
245 1 0 |a Výrobná logistika - postavenie a možnosti zdokonaľovania v rozvoji podniku  |b diplomová práca  |c Mária Mačugová ; školiteľ: Andrej Dupaľ 
264 1 |a Bratislava  |c 2013 
300 |a 61 s. 
100 1 |a Mačugová, Mária 
700 1 |a Dupaľ, Andrej 
710 2 |a Fakulta podnikového manažmentu EU. Katedra manažmentu výroby a logistiky - zrušená